000 00205nam a2200097Ia 4500
008 220204s9999 xx 000 0 und d
082 _a82-3
_bNEW
100 _aNewton, Bez
245 0 _aNatural
942 _cBK
999 _c32263
_d32263